Forecast revisit - will new developments alter prospects for global pet care?c.
| Format: | Book |
|---|---|
| Published: |
London:
Euromonitor International,
2011.
|
| Series: | Global report: 2011
|
| Subjects: |
| LEADER | 00451cam a2200133 7i4500 | ||
|---|---|---|---|
| 001 | 0000026202 | ||
| 005 | 20110425090000.0 | ||
| 090 | 0 | 0 | |a P 636.0887 |b FOR |
| 245 | 0 | 0 | |a Forecast revisit - will new developments alter prospects for global pet care?c. |
| 260 | 0 | 0 | |a London: |b Euromonitor International, |c 2011. |
| 300 | # | # | |a 51 p. |
| 440 | 0 | 0 | |a Global report: 2011 |
| 650 | 0 | 0 | |a Pet industry and trade -- |x Markets |
| 999 | |a 0000028400 |b Book |c Products |e Business Information Centre | ||